000 00593nam a2200181 i 4500
001 41203
003 ES-MaACL
005 20230906160407.0
007 t|
008 030310s1982 sp ||||1| spa d
100 1 _aCasera, Doménico.
_936288
245 1 0 _aMis hermanos los psicóticos /
_cDoménico Casera ; [traducido por Eloy Requena, revisión técnica, Mariano Galve Moreno].
260 _a[Madrid] :
_bEdiciones Paulinas,
_c[1982]
300 _a165 p. ;
_c21 cm.
700 1 _aRequena, Eloy.
_996289
700 1 _aGalve Moreno, Mariano.
_953701
852 _aES-MaACL
_jL-3896
_bR.104876
999 _c41203
_d41203